000 00412nam a22001451a 4500
082 _aM301 07
_bNAR/S
100 _aNarayanan Kadathanattu
245 _aSahitheeya vicharangal/
_cby Narayanan Kadathanattu
260 _aKottayam:
_bSahitya Pravartaka Co-operative Society,
_c2011.
300 _a136p.
650 _aStories Malayalam Study
650 _aLiterature Malayalam
650 _aLiterature
942 _cBK
999 _c39150
_d39150